[Event "22nd ch-EUR Indiv 2022"]
[Site "Terme Catez SLO"]
[Date "2022.03.28"]
[Round "2.130"]
[White "Karsay, Pascal"]
[Black "Kotsinis, Alexandros"]
[Result "1-0"]
[WhiteTitle "FM"]
[WhiteElo "2310"]
[BlackElo "2055"]
[WhiteFideId "12953474"]
[BlackFideId "25870750"]
[EventDate "2022.03.27"]

1. d4 d5 2. Nf3 Nf6 3. c4 e6 4. Nc3 h6 5. g3 Bd6 6. Bg2 O-O 7. O-O Nc6 8. e3 b6
9. b3 Rb8 10. Nb5 a6 11. Nxd6 cxd6 12. Ne1 a5 13. Ba3 Ba6 14. Rc1 Qd7 15. Nd3
Rfc8 16. cxd5 exd5 17. Re1 g5 18. Re2 Qf5 19. Rec2 Qd7 20. Ne1 b5 21. Nf3 b4 22.
Bb2 Bb5 23. a4 bxa3 24. Bxa3 Ne4 25. Nd2 Bd3 26. Nxe4 dxe4 27. Rc3 Nb4 28. Qh5
Kg7 29. Bh3 f5 30. Bxf5 Qxf5 31. Rc7+ Rxc7 32. Rxc7+ Kf8 33. Qxh6+ Ke8 34. Qxd6 1-0

[Event "22nd ch-EUR Indiv 2022"]
[Site "Terme Catez SLO"]
[Date "2022.03.28"]
[Round "2.131"]
[White "Zupancic, Urban"]
[Black "Beydullayeva, Govhar"]
[Result "0-1"]
[BlackTitle "WIM"]
[WhiteElo "2047"]
[BlackElo "2308"]
[WhiteFideId "14606631"]
[BlackFideId "13413015"]
[EventDate "2022.03.27"]

1. d4 Nf6 2. c4 e6 3. Nf3 b6 4. g3 Ba6 5. b3 Bb4+ 6. Bd2 Be7 7. Bg2 d5 8. O-O
O-O 9. Ne5 Bb7 10. Nc3 Nbd7 11. Bf4 c5 12. dxc5 Nxc5 13. cxd5 exd5 14. Rc1 Ne6
15. Nb5 Nxf4 16. gxf4 Bc5 17. Nd4 Rc8 18. Bh3 Rc7 19. Nb5 Re7 20. Nxa7 Qa8 21.
Nb5 d4 22. a3 Nd5 23. Qd2 f6 24. Nd3 Qe8 25. b4 Qg6+ 26. Kh1 Rxe2 27. Nxc5 Rxd2
28. Be6+ Kh8 29. Nxb7 Qe4+ 0-1

[Event "22nd ch-EUR Indiv 2022"]
[Site "Terme Catez SLO"]
[Date "2022.03.28"]
[Round "2.132"]
[White "Stevanic, David"]
[Black "Bashylina, Luisa"]
[Result "1/2-1/2"]
[WhiteTitle "FM"]
[BlackTitle "WFM"]
[WhiteElo "2306"]
[BlackElo "2043"]
[WhiteFideId "14613921"]
[BlackFideId "12983292"]
[EventDate "2022.03.27"]

1. e4 c5 2. Nf3 d6 3. Bb5+ Nd7 4. O-O a6 5. Bd3 Ngf6 6. Re1 e6 7. c3 b5 8. Bc2
c4 9. d4 cxd3 10. Qxd3 Nc5 11. Qe2 Bb7 12. Nbd2 Be7 13. b4 Ncd7 14. a4 bxa4 15.
Bxa4 O-O 16. Bc2 Nb6 17. Bb2 e5 18. Bd3 Qc8 19. Ra3 a5 20. bxa5 d5 21. Raa1 dxe4
22. Nxe4 Nxe4 23. Bxe4 Bxe4 24. axb6 Bxf3 25. gxf3 Rb8 26. Qxe5 Rxb6 27. Qxe7
Rxb2 28. Ra7 g6 29. Rc7 Qf5 30. Kg2 Qf4 31. Qc5 Qd2 32. Qe3 Qd8 33. Qe7 Qd2 34.
Qe3 Qd8 35. Qc5 Qd2 36. Ree7 h5 37. Qe3 Qd6 38. Red7 Qf6 39. h4 Qxh4 40. Rxf7
Rxf2+ 41. Qxf2 Qxf2+ 42. Kxf2 Rxf7 43. Rc8+ Kg7 44. c4 Kf6 1/2-1/2

[Event "22nd ch-EUR Indiv 2022"]
[Site "Terme Catez SLO"]
[Date "2022.03.28"]
[Round "2.133"]
[White "Martinkus, Rolandas"]
[Black "Deuer, Marius"]
[Result "0-1"]
[WhiteTitle "FM"]
[BlackTitle "FM"]
[WhiteElo "2033"]
[BlackElo "2304"]
[WhiteFideId "12800481"]
[BlackFideId "16236432"]
[EventDate "2022.03.27"]

1. Nf3 Nf6 2. c4 c5 3. Nc3 Nc6 4. d4 cxd4 5. Nxd4 e6 6. Ndb5 d6 7. Bf4 e5 8. Bg5
a6 9. Na3 Be7 10. Nc2 O-O 11. Bxf6 Bxf6 12. e4 Bg5 13. h4 Bh6 14. Nd5 f5 15. Bd3
Be6 16. exf5 Bxd5 17. cxd5 Qa5+ 18. Kf1 Qxd5 19. Be2 Qc5 20. g4 Bf4 21. Rh3 d5
22. b4 Qd6 23. Bc4 Rad8 24. Bb3 Kh8 25. a3 d4 26. Qd3 Ne7 27. Qe4 h5 28. Rd3
hxg4 29. Qg2 Qc6 0-1

[Event "22nd ch-EUR Indiv 2022"]
[Site "Terme Catez SLO"]
[Date "2022.03.28"]
[Round "2.134"]
[White "Aizenberg, Benny"]
[Black "Qorri, Fatmir"]
[Result "1-0"]
[WhiteTitle "FM"]
[WhiteElo "2297"]
[BlackElo "2031"]
[WhiteFideId "2821125"]
[BlackFideId "4702107"]
[EventDate "2022.03.27"]

1. e4 c5 2. Nf3 Nc6 3. d4 cxd4 4. Nxd4 Nf6 5. Nc3 a6 6. Nxc6 bxc6 7. e5 Ng8 8.
Bc4 g6 9. Qf3 e6 10. Ne4 Bb4+ 11. c3 d5 12. exd6 Bxd6 13. Bg5 Be7 14. Rd1 Qc7
15. Bf4 Qb7 16. Be5 f6 17. Bxf6 Nxf6 18. Nxf6+ Bxf6 19. Qxf6 Rf8 20. Rd8# 1-0

[Event "22nd ch-EUR Indiv 2022"]
[Site "Terme Catez SLO"]
[Date "2022.03.28"]
[Round "2.135"]
[White "Loukopoulos, Panagiotis-Athanasi"]
[Black "Taichman, Ori"]
[Result "1-0"]
[BlackTitle "FM"]
[WhiteElo "2020"]
[BlackElo "2297"]
[WhiteFideId "4293835"]
[BlackFideId "2804069"]
[EventDate "2022.03.27"]

1. e4 c6 2. d4 d5 3. exd5 cxd5 4. Bd3 Nc6 5. c3 g6 6. Nf3 Bf5 7. O-O Nf6 8. Ne5
Bg7 9. Bxf5 gxf5 10. Nd3 O-O 11. Bf4 Ne4 12. Re1 Qb6 13. Qe2 Rad8 14. f3 e5 15.
Be3 exd4 16. cxd4 Nxd4 17. Qd1 f4 18. Nxf4 Qxb2 19. Na3 Ng5 20. Nh5 Nge6 21.
Nxg7 Kxg7 22. Rb1 Qc3 23. Rc1 Qxa3 24. Bxd4+ Kg8 25. Bf6 Rd7 26. Qd2 Qd6 27.
Rxe6 fxe6 28. Qg5+ Kf7 29. Qg7+ Ke8 30. Rc8+ Rd8 31. Rxd8+ Qxd8 32. Bxd8 Rf7 33.
Qg8+ Rf8 34. Qg5 1-0

[Event "22nd ch-EUR Indiv 2022"]
[Site "Terme Catez SLO"]
[Date "2022.03.28"]
[Round "2.136"]
[White "Dalaud, Dorian"]
[Black "Chennaoui, Yasin"]
[Result "1-0"]
[WhiteTitle "FM"]
[WhiteElo "2293"]
[BlackElo "2015"]
[WhiteFideId "36093270"]
[BlackFideId "1330667"]
[EventDate "2022.03.27"]

1. e4 d6 2. d4 Nf6 3. Nc3 e5 4. Nf3 Nbd7 5. Bc4 Be7 6. a4 O-O 7. O-O c6 8. h3
Qc7 9. Qe2 b6 10. Rd1 Bb7 11. Ba2 a6 12. Nh4 Rae8 13. Nf5 exd4 14. Rxd4 d5 15.
Rd3 Bd6 16. Nxd6 Qxd6 17. f4 Nc5 18. e5 Nxd3 19. Qxd3 Qb4 20. exf6 Re1+ 21. Kh2
Rxc1 22. Qg3 g6 23. Rxc1 Qxb2 24. Rb1 Qxc2 25. Rxb6 d4 26. Bb1 Qxc3 27. Qxc3
dxc3 28. Rxb7 Rd8 29. Rc7 h5 30. Rxc6 Rd4 31. f5 g5 32. Rxc3 Rxa4 33. Rc8+ Kh7
34. Rf8 g4 35. Rxf7+ Kh6 36. Rg7 gxh3 37. Rg6+ Kh7 38. f7 hxg2 39. f8=Q g1=Q+
40. Kxg1 Rg4+ 41. Rxg4 hxg4 42. f6# 1-0

[Event "22nd ch-EUR Indiv 2022"]
[Site "Terme Catez SLO"]
[Date "2022.03.28"]
[Round "2.137"]
[White "Javornik, Nik"]
[Black "Rubil, Marko"]
[Result "0-1"]
[BlackTitle "FM"]
[WhiteElo "2002"]
[BlackElo "2293"]
[WhiteFideId "14636549"]
[BlackFideId "14501546"]
[EventDate "2022.03.27"]

1. e4 e5 2. Nf3 Nc6 3. Bb5 Nd4 4. Nxd4 exd4 5. O-O Bc5 6. d3 c6 7. Bc4 d5 8.
exd5 cxd5 9. Bb5+ Kf8 10. Re1 Ne7 11. a3 h5 12. Bf4 Be6 13. b4 Bb6 14. Bg5 Qd6
15. Bxe7+ Qxe7 16. Nd2 Qd6 17. h3 f6 18. Qf3 a5 19. Re2 axb4 20. Rae1 Bf7 21.
axb4 Rd8 22. Qg3 Qxb4 23. Rb1 Qc5 24. Nf3 g5 25. h4 Bc7 0-1

[Event "22nd ch-EUR Indiv 2022"]
[Site "Terme Catez SLO"]
[Date "2022.03.28"]
[Round "2.138"]
[White "Kastelic, Marian"]
[Black "Babrauskas, Darius"]
[Result "0-1"]
[WhiteTitle "FM"]
[WhiteElo "2287"]
[BlackElo "2003"]
[WhiteFideId "14602245"]
[BlackFideId "12805602"]
[EventDate "2022.03.27"]

1. d4 d5 2. Nf3 Nf6 3. e3 e6 4. Bd3 c5 5. b3 Nc6 6. Bb2 Bd6 7. Nbd2 O-O 8. O-O
cxd4 9. exd4 Qc7 10. a3 b6 11. Qe2 Ne7 12. Ne5 Ne8 13. Rfe1 f6 14. Nef3 g5 15.
Nf1 Ng7 16. c4 Bb7 17. Rac1 Qd8 18. c5 Bc7 19. b4 Qe8 20. Ng3 h5 21. Bb1 h4 22.
Nf1 Qh5 23. Rc3 g4 24. N3d2 f5 25. Ne3 Ng6 26. g3 Rae8 27. Ng2 Kf7 28. Nf1 Rh8
29. Bc1 bxc5 30. Qb5 Bc8 31. Rxc5 Bb6 32. Rxc8 Rxc8 33. Qd7+ Kf6 34. Nf4 Nxf4
35. Bxf4 Bxd4 36. gxh4 Qxh4 37. Ne3 Kg6 38. Bg3 Qg5 39. Ng2 Rc1 40. Bxf5+ Kf6
41. Bd3 Rxe1+ 42. Nxe1 Qd2 43. Ng2 Qxd3 44. Bh4+ Rxh4 45. Nxh4 Qb1+ 46. Kg2 Qe4+
47. Kg1 Qe1+ 0-1

[Event "22nd ch-EUR Indiv 2022"]
[Site "Terme Catez SLO"]
[Date "2022.03.28"]
[Round "2.139"]
[White "Spacapan, Simon"]
[Black "Prokofiev, Valentyn"]
[Result "0-1"]
[WhiteElo "1966"]
[BlackElo "2287"]
[WhiteFideId "14612461"]
[BlackFideId "14160161"]
[EventDate "2022.03.27"]

1. e4 g6 2. d4 Bg7 3. g3 d6 4. Bg2 Nf6 5. Nc3 O-O 6. Nf3 Nbd7 7. O-O c6 8. e5
Ne8 9. Re1 dxe5 10. dxe5 Nc7 11. b3 Ne6 12. Bb2 Qc7 13. Qe2 b6 14. Rad1 Bb7 15.
h4 Rfd8 16. h5 Ndf8 17. Ne4 c5 18. Neg5 Nxg5 19. Nxg5 Bxg2 20. Kxg2 h6 21. Nf3
g5 22. c4 Qb7 23. Kg1 Ne6 24. Rxd8+ Rxd8 25. Rd1 Rxd1+ 26. Qxd1 Qe4 27. Nd2 Qd3
28. Qe1 Qc2 29. Bc1 Nd4 30. Kg2 Qxa2 0-1

[Event "22nd ch-EUR Indiv 2022"]
[Site "Terme Catez SLO"]
[Date "2022.03.28"]
[Round "2.140"]
[White "Palczert, Matyas"]
[Black "Ghita, Vlad-Bogdan"]
[Result "1-0"]
[WhiteElo "2284"]
[BlackElo "1981"]
[WhiteFideId "784958"]
[BlackFideId "1222198"]
[EventDate "2022.03.27"]

1. e4 c5 2. Nf3 d6 3. d4 cxd4 4. Nxd4 Nf6 5. Nc3 a6 6. Qf3 Nbd7 7. Be2 g6 8. O-O
Bg7 9. Rd1 O-O 10. a4 Qc7 11. Nd5 Nxd5 12. exd5 Re8 13. c4 e5 14. dxe6 fxe6 15.
Be3 Ne5 16. Qg3 Bd7 17. b3 Rac8 18. Rac1 Kh8 19. Nf3 Bc6 20. Nxe5 Bxe5 21. Bd4
Bxd4 22. Rxd4 e5 23. Rd2 Rcd8 24. Rcd1 Rf8 25. c5 d5 26. Bf3 Rf7 27. Bxd5 Rfd7
28. Qf3 Kg7 29. Qe4 Kf6 30. Rd3 Rxd5 31. Rxd5 Rxd5 32. Rxd5 Bxd5 33. Qxd5 Qc6
34. Qd8+ Kf7 35. Qh8 Qxc5 36. Qxh7+ Kf6 37. Qh4+ Kf5 38. Qc4 Qxc4 39. bxc4 Ke4
40. h4 Kf4 41. Kf1 1-0

[Event "22nd ch-EUR Indiv 2022"]
[Site "Terme Catez SLO"]
[Date "2022.03.28"]
[Round "2.141"]
[White "Murko, David"]
[Black "Valiyev, Shahin"]
[Result "0-1"]
[WhiteElo "2273"]
[BlackElo "1961"]
[WhiteFideId "14613891"]
[BlackFideId "13424203"]
[EventDate "2022.03.27"]

1. e4 c5 2. Nf3 d6 3. d4 cxd4 4. Nxd4 Nf6 5. Nc3 a6 6. Bg5 Nbd7 7. Bc4 Qb6 8.
Bb3 e6 9. Qd2 Be7 10. O-O-O Nc5 11. f3 Qc7 12. Kb1 b5 13. a3 Rb8 14. g4 Bd7 15.
Rhe1 O-O 16. Bxf6 Bxf6 17. g5 Be7 18. Ba2 Qa7 19. b4 Na4 20. Nxa4 bxa4 21. c3
Rfc8 22. h4 a5 23. Ka1 axb4 24. axb4 Qc7 25. Rc1 Bb5 26. Nxb5 Rxb5 27. f4 Qd7
28. Red1 Qb7 29. Re1 Qd7 30. Red1 Rb7 31. Qd3 Rbc7 32. Kb2 a3+ 33. Ka1 g6 34. h5
d5 35. exd5 Bxb4 36. c4 exd5 37. Qxd5 Qxd5 38. Rxd5 gxh5 39. Rh1 Re7 40. Bb1 Re2
41. Bd3 Bc3+ 0-1

[Event "22nd ch-EUR Indiv 2022"]
[Site "Terme Catez SLO"]
[Date "2022.03.28"]
[Round "2.142"]
[White "Arsenie, Cristian Marc"]
[Black "Bilovil, Bogdan"]
[Result "0-1"]
[WhiteElo "1952"]
[BlackElo "2272"]
[WhiteFideId "1345923"]
[BlackFideId "14168766"]
[EventDate "2022.03.27"]

1. e4 c5 2. Nc3 a6 3. g3 b5 4. Bg2 Bb7 5. Nge2 e6 6. d4 cxd4 7. Nxd4 Nc6 8. O-O
Bc5 9. Nb3 Be7 10. Re1 d6 11. Qe2 Nf6 12. Bf4 O-O 13. a4 b4 14. Nd5 exd5 15.
exd5 Ne5 16. Bxe5 dxe5 17. d6 Bxg2 18. dxe7 Qxe7 19. Kxg2 e4 20. Nd2 Rfe8 21.
Rad1 Rac8 22. Nc4 Rc6 23. b3 h5 24. h4 Ng4 25. Rd5 Rf6 26. Rf1 g6 27. Kg1 Qa7
28. Rd6 Rf3 29. Kg2 Qa8 30. Ne3 Qb8 31. Qxa6 Re6 32. Rfd1 Rxf2+ 33. Kg1 Nxe3 34.
Rd8+ Kg7 35. Rxb8 Rxa6 36. Re1 Ng4 37. Rxe4 Rxc2 38. Rbxb4 Rb2 39. Rf4 Rd6 40.
a5 Rdd2 41. Rb7 Rg2+ 42. Kh1 Rh2+ 43. Kg1 Rbg2+ 44. Kf1 Ne3+ 45. Ke1 0-1

[Event "22nd ch-EUR Indiv 2022"]
[Site "Terme Catez SLO"]
[Date "2022.03.28"]
[Round "2.143"]
[White "Kanov, Nikola"]
[Black "Borisek, Anze"]
[Result "1-0"]
[WhiteTitle "CM"]
[WhiteElo "2265"]
[BlackElo "1905"]
[WhiteFideId "2928531"]
[BlackFideId "14608693"]
[EventDate "2022.03.27"]

1. e4 e6 2. d4 b6 3. Nf3 Bb7 4. Bd3 Nf6 5. Qe2 d5 6. e5 Nfd7 7. O-O c5 8. c3 Nc6
9. a3 Be7 10. Re1 h6 11. Be3 Qc7 12. Nbd2 g5 13. Rec1 c4 14. Bc2 O-O-O 15. b3 g4
16. Ne1 Ndxe5 17. dxe5 Qxe5 18. Qxg4 Rhg8 19. Qh3 cxb3 20. Bxb3 Kb8 21. Ndf3 Qf6
22. Qxh6 Rg6 23. Qf4+ e5 24. Qxf6 Bxf6 25. Rd1 d4 26. cxd4 exd4 27. Bf4+ Ka8 28.
Bxf7 Rg7 29. Bc4 1-0

[Event "22nd ch-EUR Indiv 2022"]
[Site "Terme Catez SLO"]
[Date "2022.03.28"]
[Round "2.144"]
[White "Franco, Alessandro P."]
[Black "Muetsch, Annmarie"]
[Result "0-1"]
[BlackTitle "WIM"]
[WhiteElo "1848"]
[BlackElo "2263"]
[WhiteFideId "865923"]
[BlackFideId "12971367"]
[EventDate "2022.03.27"]

1. e4 e5 2. f4 exf4 3. Nf3 Ne7 4. Bc4 d5 5. exd5 Nxd5 6. O-O Be7 7. Nc3 Be6 8.
Qe1 c6 9. d4 Ne3 10. Bxe6 Nxf1 11. Bxf4 fxe6 12. Qxe6 Qd7 13. Qb3 Rf8 14. Bxb8
Ne3 15. Be5 O-O-O 16. Nb5 cxb5 17. Qc3+ Nc4 18. a4 b4 19. Qxc4+ Qc6 20. Qb3 g5
21. c3 g4 22. Nd2 Bh4 23. cxb4 Bf2+ 24. Kh1 Bxd4 25. b5 Qd5 26. Rc1+ Bc5 27. Qg3
b6 28. Qxg4+ Kb7 29. Nc4 Rfe8 30. Bg3 Re4 31. Qg7+ Rd7 32. Qc3 Rxc4 33. Qxc4
Qxc4 0-1

[Event "22nd ch-EUR Indiv 2022"]
[Site "Terme Catez SLO"]
[Date "2022.03.28"]
[Round "2.145"]
[White "Blagojevic, Tijana"]
[Black "Kovalskyi, Roman"]
[Result "1-0"]
[WhiteTitle "WIM"]
[WhiteElo "2260"]
[BlackElo "1807"]
[WhiteFideId "16500270"]
[BlackFideId "14184214"]
[EventDate "2022.03.27"]

1. e4 c5 2. Nf3 g6 3. d4 cxd4 4. Qxd4 Nf6 5. Nc3 Nc6 6. Qa4 d6 7. e5 dxe5 8.
Nxe5 Bd7 9. Nxd7 Nxd7 10. Be3 Bg7 11. Rd1 Rc8 12. Be2 O-O 13. O-O e6 14. Rd2 Qe7
15. Rfd1 Nf6 16. h3 Rfd8 17. Rxd8+ Rxd8 18. Rxd8+ Qxd8 19. Bxa7 Nxa7 20. Qxa7
Nd5 21. Nd1 Qd7 22. Qa8+ Bf8 23. Bf3 Kg7 24. Qa7 Be7 25. Qd4+ Bf6 26. Qd2 Qa4
27. a3 Qb5 28. Bxd5 exd5 29. b3 Qc5 30. a4 d4 31. Nb2 Bg5 32. Nd3 Qe7 33. Qe1
Qa3 34. Qb4 Qxb4 35. Nxb4 Kf6 36. Nd3 b6 37. Nb2 Ke6 38. Kf1 Kd5 39. Ke2 f5 40.
Kd3 Bf6 41. Nc4 Kc5 42. Na3 Be5 43. Nb5 Kd5 44. b4 h5 45. a5 bxa5 46. bxa5 g5
47. a6 Kc6 48. a7 Kb7 49. Nxd4 f4 50. Ne6 g4 51. f3 gxh3 52. gxh3 Kxa7 53. Ke4
Bf6 54. Nxf4 h4 55. Kf5 1-0

[Event "22nd ch-EUR Indiv 2022"]
[Site "Terme Catez SLO"]
[Date "2022.03.28"]
[Round "2.146"]
[White "Lauda, Alexandr"]
[Black "Milikow, Elie"]
[Result "1-0"]
[BlackTitle "CM"]
[WhiteElo "1789"]
[BlackElo "2256"]
[WhiteFideId "13903179"]
[BlackFideId "371281868"]
[EventDate "2022.03.27"]

1. d4 Nf6 2. Nf3 d5 3. c4 e6 4. g3 dxc4 5. Bg2 Bb4+ 6. Bd2 a5 7. Qc1 Bxd2+ 8.
Nbxd2 b5 9. O-O O-O 10. a4 c6 11. b3 cxb3 12. Nxb3 Nd5 13. Ne5 Ra6 14. h4 b4 15.
f4 Nc3 16. Rf2 f6 17. Nc4 e5 18. fxe5 Be6 19. Ncxa5 Rxa5 20. Nxa5 Qxa5 21. exf6
Rxf6 22. Qe3 Bf7 23. Raf1 Nd7 24. Qe7 Rxf2 25. Rxf2 Nf6 26. Bxc6 b3 27. Qb7 Qd8
28. e4 Bc4 29. Qb4 Ne2+ 30. Kg2 Ba6 31. e5 Qc7 32. Bd5+ Kh8 33. Qf8+ 1-0

[Event "22nd ch-EUR Indiv 2022"]
[Site "Terme Catez SLO"]
[Date "2022.03.28"]
[Round "2.147"]
[White "Linnemann, Caspar"]
[Black "Mihov, Filip"]
[Result "0-1"]
[WhiteElo "1773"]
[BlackElo "2255"]
[WhiteFideId "16200284"]
[BlackFideId "15003892"]
[EventDate "2022.03.27"]

1. e4 c6 2. d4 d5 3. Nd2 dxe4 4. Nxe4 Nf6 5. Ng3 h5 6. h4 c5 7. Be3 Ng4 8. Bb5+
Bd7 9. Bxd7+ Qxd7 10. Nf3 Nxe3 11. fxe3 Qg4 12. Rh3 Nc6 13. c3 O-O-O 14. Qc2 e5
15. dxe5 g6 16. Ne4 Be7 17. Neg5 Bxg5 18. hxg5 Rhe8 19. Rh4 Qe6 20. Qb3 Nxe5 21.
Qxe6+ Rxe6 22. Ke2 Ng4 23. Re1 Rxe3+ 24. Kf1 Rxe1+ 25. Kxe1 Rd5 26. Rh3 Kd7 27.
Ke2 Ke6 28. Ke1 Kf5 29. Rg3 Rd7 30. Rh3 a5 31. a3 Rd6 32. b3 Kf4 33. Nd2 Re6+
34. Kf1 Kxg5 35. Nc4 b6 36. Rd3 f5 37. a4 h4 38. Rh3 f4 39. Nd2 Ne3+ 40. Kg1 Kg4
41. Rf3 g5 42. Rf2 Nd1 43. Rf3 Re1+ 44. Kh2 Ne3 45. Rf2 Rd1 46. Nf3 Nf1+ 47. Kh1
Ng3+ 0-1

[Event "22nd ch-EUR Indiv 2022"]
[Site "Terme Catez SLO"]
[Date "2022.03.28"]
[Round "2.148"]
[White "Gajcin, Marina"]
[Black "Kodric, Gasper"]
[Result "1/2-1/2"]
[WhiteTitle "WIM"]
[WhiteElo "2254"]
[BlackElo "1787"]
[WhiteFideId "949086"]
[BlackFideId "14625814"]
[EventDate "2022.03.27"]

1. e4 c6 2. d4 d5 3. Nc3 dxe4 4. Nxe4 Nf6 5. Nxf6+ exf6 6. c3 Bd6 7. Bd3 O-O 8.
Ne2 Re8 9. Qc2 h5 10. Be3 Be6 11. O-O Qc7 12. h3 Nd7 13. c4 Nf8 14. Rfe1 Rad8
15. a3 Qc8 16. Ng3 g6 17. Ne4 Be7 18. Nc3 f5 19. d5 cxd5 20. cxd5 Bxd5 21. Nxd5
Rxd5 22. Qb3 Re5 23. Rec1 Qd7 24. Bf4 Rc5 25. Rd1 Qc8 26. Be3 Rc7 27. Bb5 Rd8
28. Bxa7 Bc5 29. Rxd8 Qxd8 30. Bxc5 Rxc5 31. Bf1 Qc7 32. Rd1 Ne6 33. Qa4 Rc2 34.
Qe8+ Nf8 35. b4 Qb6 36. Qe1 Qc7 37. a4 Ne6 38. a5 f4 39. Bd3 Rc6 40. Be4 Ra6 41.
Rc1 Qd7 42. Qc3 Ra8 43. Qc4 Rd8 44. b5 f3 45. Bxf3 Nd4 46. b6 Nxf3+ 47. gxf3
Qxh3 48. Qe4 Qd7 49. Rc7 Qb5 50. Qf4 f6 51. Kh2 Rd1 52. Rc8+ Kg7 53. Rc7+ Kg8
54. Qc4+ Qxc4 55. Rxc4 Ra1 56. Rc7 Rxa5 57. Rxb7 Rb5 58. f4 g5 59. f5 Rb3 60.
Kg2 Kf8 61. f3 Rb2+ 62. Kg3 Rb3 63. Kf2 Kg8 64. Kg2 Rb2+ 65. Kg3 Rb3 66. Rb8+
Kg7 67. Kf2 Rb2+ 68. Ke3 h4 69. Rb7+ Kg8 70. Rb8+ Kg7 71. Rb7+ Kh6 72. Rb8 h3
73. Rh8+ Kg7 74. Rxh3 Rxb6 75. Rh1 Rb5 76. Kf2 Rxf5 77. Kg3 Kg6 78. Rh8 Ra5 79.
Rg8+ Kf5 80. Rb8 Rc5 81. Ra8 Rc3 82. Ra5+ Kg6 83. Ra6 Re3 84. Rb6 Kf5 85. Rb5+
Re5 86. Rb4 Re6 87. Rb5+ Kg6 88. Rb8 f5 89. Rg8+ Kh5 90. Rh8+ Rh6 91. Rg8 f4+
92. Kh3 Rh7 93. Kg2 Ra7 94. Rh8+ Kg6 95. Rg8+ Kf6 96. Rf8+ Ke5 97. Re8+ Kf6 98.
Rf8+ Rf7 99. Ra8 Rd7 100. Rf8+ Ke5 101. Re8+ Kd4 102. Kh3 Kd3 103. Kg4 Rd5 104.
Ra8 Kd2 1/2-1/2

[Event "22nd ch-EUR Indiv 2022"]
[Site "Terme Catez SLO"]
[Date "2022.03.28"]
[Round "2.149"]
[White "Patt, Zafrir"]
[Black "Kochavi, Ori"]
[Result "0-1"]
[BlackTitle "FM"]
[WhiteElo "1771"]
[BlackElo "2253"]
[WhiteFideId "2840170"]
[BlackFideId "2816873"]
[EventDate "2022.03.27"]

1. e4 c5 2. Nf3 a6 3. d4 cxd4 4. Nxd4 Nf6 5. Nc3 e5 6. Nde2 Bc5 7. Ng3 Qb6 8.
Qf3 d6 9. h3 Nc6 10. Nd1 d5 11. c3 dxe4 12. Nxe4 Nxe4 13. Qxe4 Be6 14. Bc4 f5
15. Qe2 Bxc4 16. Qxc4 O-O-O 17. O-O f4 18. b4 Be7 19. a4 Kb8 20. a5 Qb5 21. Qxb5
axb5 22. Ra2 Rd3 23. Rd2 Rhd8 24. Rxd3 Rxd3 25. Re1 Bf6 26. Kf1 Ne7 27. Ke2 Rd8
28. Nb2 Nd5 29. Bd2 e4 30. Rc1 Rc8 31. Nd1 g5 32. Be1 Ka7 33. Bd2 Ka6 34. Ke1
Be5 35. Ke2 h5 36. Ke1 g4 37. hxg4 hxg4 38. Kf1 Rc6 39. Kg1 g3 40. fxg3 e3 41.
Be1 fxg3 42. Kf1 Rf6+ 43. Kg1 e2 44. Nf2 Bxc3 0-1

[Event "22nd ch-EUR Indiv 2022"]
[Site "Terme Catez SLO"]
[Date "2022.03.28"]
[Round "2.150"]
[White "Shpanko, Nadiia"]
[Black "Pasti, Zsombor"]
[Result "1-0"]
[WhiteTitle "WIM"]
[WhiteElo "2247"]
[BlackElo "1773"]
[WhiteFideId "14132400"]
[BlackFideId "799173"]
[EventDate "2022.03.27"]

1. d4 d5 2. Nf3 Nf6 3. g3 Bf5 4. Bg2 e6 5. c4 c6 6. Nc3 Be7 7. Qb3 Qb6 8. c5
Qxb3 9. axb3 Na6 10. Ra4 Bc2 11. Ne5 Nd7 12. Nf3 e5 13. e3 Bxb3 14. Ra3 Bc2 15.
Bh3 e4 16. Kd2 Nb4 17. Ne1 Bd3 18. Na2 Nxa2 19. Nxd3 Nxc1 20. Nxc1 b6 21. b4
bxc5 22. bxc5 Nb6 23. Ra6 Nc4+ 24. Kc3 Rb8 25. Nb3 Rb7 26. Rha1 Bd8 27. Kc2 g6
28. Rxa7 Rxa7 29. Rxa7 f5 30. Bf1 Rf8 31. Bxc4 dxc4 32. Nd2 Rf7 33. Ra6 Kd7 34.
Nxc4 Bc7 35. Ra8 g5 36. Rg8 f4 37. Rxg5 fxg3 38. fxg3 Rf2+ 39. Kc3 Rxh2 40. Rg7+
Kd8 41. Rg8+ Ke7 42. Nb6 Bd8 43. d5 cxd5 44. Nxd5+ Kd7 45. c6+ Kxc6 46. Rxd8 Rg2
47. Kd4 Rxg3 48. Rh8 Rg5 49. Nb4+ Kd6 50. Rxh7 1-0

[Event "22nd ch-EUR Indiv 2022"]
[Site "Terme Catez SLO"]
[Date "2022.03.28"]
[Round "2.151"]
[White "Kocharin, Timur"]
[Black "Vagman, Roy"]
[Result "0-1"]
[BlackTitle "CM"]
[WhiteElo "1760"]
[BlackElo "2247"]
[WhiteFideId "16240936"]
[BlackFideId "2828995"]
[EventDate "2022.03.27"]

1. d4 Nf6 2. c4 c5 3. d5 a6 4. a4 g6 5. Nc3 Bg7 6. e4 d6 7. Nf3 O-O 8. h3 e6 9.
Be3 exd5 10. cxd5 Re8 11. Nd2 Nxe4 12. Ndxe4 f5 13. Bd3 fxe4 14. Nxe4 Bf5 15.
Nc3 Bxd3 16. Qxd3 Nd7 17. O-O Ne5 18. Qc2 Nc4 19. Bf4 Qf6 20. Bg3 Qf5 21. Rac1
Rad8 22. b3 Qxc2 23. Rxc2 Na3 24. Rcc1 b5 25. Nb1 b4 26. Rfe1 Kf7 27. Rxe8 Kxe8
28. Nd2 Bf6 29. Re1+ Kf7 30. Ne4 Be7 31. Rc1 c4 32. bxc4 b3 33. Nd2 b2 34. Re1
Bf6 35. Nb1 Nxb1 36. Rxb1 Rc8 37. Bxd6 Rxc4 38. Ba3 Rxa4 39. Bxb2 Rb4 40. Ra1
Rxb2 41. Rxa6 Bd4 42. Ra4 Bxf2+ 43. Kf1 Bb6 44. Rf4+ Kg7 45. Re4 Rf2+ 46. Ke1
Rxg2 47. Re7+ Kh6 48. d6 Rg3 49. Ke2 Rxh3 50. d7 Rh5 51. Re6 Ba5 52. Rd6 Rf5 53.
d8=R Bxd8 54. Rxd8 g5 55. Rd6+ Kh5 56. Re6 g4 57. Re4 Kh4 58. Re3 h5 59. Ra3 g3 0-1

[Event "22nd ch-EUR Indiv 2022"]
[Site "Terme Catez SLO"]
[Date "2022.03.28"]
[Round "2.152"]
[White "Zadravec, Matija"]
[Black "Palczert, Miklos"]
[Result "1-0"]
[WhiteElo "2239"]
[BlackElo "1770"]
[WhiteFideId "14533413"]
[BlackFideId "727938"]
[EventDate "2022.03.27"]

1. e4 c5 2. Nf3 d6 3. c3 Nf6 4. h3 g6 5. Bd3 Bg7 6. Bc2 Nc6 7. O-O O-O 8. Re1
Qc7 9. d4 cxd4 10. cxd4 Nd7 11. Nc3 b6 12. Nd5 Qb8 13. Ba4 b5 14. Qc2 Nxd4 15.
Nxd4 Bxd4 16. Nxe7+ Kg7 17. Nc6 Qb6 18. Nxd4 Qxd4 19. Bxb5 Ne5 20. Bd2 Bxh3 21.
Bc3 Qc5 22. Ba4 Be6 23. Red1 Rac8 24. Qd2 Rfd8 25. Bd4 Qc7 26. Rac1 Qb7 27. Rxc8
Rxc8 28. f4 Qxe4 29. Re1 Qf5 30. fxe5 d5 31. Rf1 Qe4 32. Bb3 a5 33. Qf4 Qd3 34.
Bxd5 Bxd5 35. e6+ 1-0